Est-ce un point faible de Koro Sensei ou non? (mort subite) - Statistiques

Statistiques générales
  • Ce quiz a été pris 280 fois
  • Le résultat moyen est 17 sur 32
Answers on the Grid
Answers color-coded by a green-red scale on the quiz's grid according to % correct below.
Il panique rapidement
Les grosses poitrines
Il est terrifié par les chiens
Il déteste perdre
Il se fait petit devant ses supérieurs
Quand il se la joue cool, il laisse entrevoir ses défauts, et devient vulnérable
Les casse-têtes le font paniquer
Il est obligé de mettre de la crème solaire sous peine de subir une insolation
Lorsqu'on le prend en photo, il est gêné car il n'est pas photogénique
Il est allergique aux aliments qui contiennent de l'arachide
Geek dans l'âme, il a du mal à s'arrêter de jouer à un jeu vidéo une fois lancé
Ses coups de poing ne font pas de mal à une mouche
Il devient complètement gaga quand il voit un bébé
C'est un pigeon, il se fait arnaquer par les vendeurs entreprenants
Il a le mal des transports
Il se soucie des apparences
Il ne peut pas détacher ses yeux du fonctionnement d'un micro-ondes
Il s'enrhume très facilement
Il gonfle lorsqu'il absorbe l'humidité
Il ne peut pas dormir sans son oreiller
Il se soucie vraiment des rumeurs
Il est vulnérable juste après avoir mué
Les scénarios cliché le font pleurer comme une madeleine
Il est très malchanceux aux jeux de hasard
Il a honte de son corps devant les gens superficiels
Il est vulnérable quand il se régénère
Il ne peut pas manger chaud
C'est une vraie commère
Son corps devient rigide lorsqu'il est exposé à une lumière spéciale
Il a une véritable passion pour les courses de chevaux
Dans une situation grave, il est sérieux puis gêné
Il est fatigué par la chaleur
Il est strict sur le comportement à la piscine
Il ne sait dessiner que des images simples
Il est faible contre l'occulte
Il ne sait pas nager
Il se sent inutile quand il n'arrive pas à rassembler les gens
Il s'énerve au volant
Il s'emporte par les positions officielles
Il obtient l'assurance pour éviter de se blesser
Il aspire à se cacher
Il agit comme un parent poule
Il n'a pas l'oreille musicale
Il peut être immobilisé si tout le monde le tient
 
Statistiques - réponses
Réponse % Correct
Il se soucie vraiment des rumeurs
65%
Les grosses poitrines
65%
C'est une vraie commère
63%
Il est vulnérable juste après avoir mué
63%
Il est fatigué par la chaleur
60%
Il se fait petit devant ses supérieurs
60%
Quand il se la joue cool, il laisse entrevoir ses défauts, et devient vulnérable
60%
Il gonfle lorsqu'il absorbe l'humidité
58%
Il panique rapidement
58%
Dans une situation grave, il est sérieux puis gêné
55%
Il agit comme un parent poule
55%
Il ne sait pas nager
55%
Il peut être immobilisé si tout le monde le tient
55%
Il se soucie des apparences
55%
Les casse-têtes le font paniquer
55%
Il déteste perdre
53%
Il est strict sur le comportement à la piscine
53%
Les scénarios cliché le font pleurer comme une madeleine
53%
Il est vulnérable quand il se régénère
50%
Il a le mal des transports
48%
Il n'a pas l'oreille musicale
48%
Il obtient l'assurance pour éviter de se blesser
48%
Il s'emporte par les positions officielles
48%
Son corps devient rigide lorsqu'il est exposé à une lumière spéciale
48%
Il est faible contre l'occulte
45%
Il ne peut pas dormir sans son oreiller
45%
Il s'énerve au volant
45%
Ses coups de poing ne font pas de mal à une mouche
45%
Il aspire à se cacher
43%
Il ne peut pas manger chaud
43%
Il se sent inutile quand il n'arrive pas à rassembler les gens
43%
Il ne sait dessiner que des images simples
40%
Aucun quiz correspondant
Distribution des résultats
% des personnes avec chaque résultat
Percentile par nombre de réponses
Votre historique - résultats
Vous n’avez pas pris ce quiz